Statistics for Taylor Swift Songs Charting in the Top 10

Click here to take the quiz!

General Stats

  • This quiz has been taken 47 times
    (7 since last reset)
  • The average score is 23 of 59

Answer Stats

YearPeakAnswer% Correct
20132I Knew You Were Trouble
100%
20192ME! (feat. Brendon Urie)
100%
20121We Are Never Ever Getting Back Together
100%
20221Anti-Hero
75%
20106Back To December
75%
20151Bad Blood (feat. Kendrick Lamar)
75%
20237Bad Blood (Taylor's Version)
75%
20231Cruel Summer
75%
20171Look What You Made Me Do
75%
20094Love Story
75%
20141Shake It Off
75%
20146Style
75%
20239Style (Taylor's Version)
75%
20155Wildest Dreams
75%
20092You Belong With Me
75%
20192You Need To Calm Down
75%
20211All Too Well (Taylor's Version)
50%
20141Blank Space
50%
20201Cardigan
50%
20242Down Bad
50%
20089Fearless
50%
20241Fortnight (feat. Post Malone)
50%
202410Guilty as Sin?
50%
20243I Can Do It With a Broken Heart
50%
201910Lover
50%
20103Mine
50%
20246My Boy Only Breaks His Favorite Toys
50%
20126Red
50%
20244The Tortured Poets Department
50%
20127Begin Again
25%
20226Bejeweled
25%
20248Florida!!! (feat. Florence + The Machine)
25%
20235I Can See You (Taylor's Version) (From The Vault)
25%
20172I Don't Wanna Live Forever (feat. Zayn)
25%
20231Is It Over Now? (Taylor's Version) (From The Vault)
25%
20232Now That We Don't Talk (Taylor's Version) (From The Vault)
25%
20227Question...?
25%
20235Say Don't Go (Taylor's Version) (From The Vault)
25%
20233"Slut!" (Taylor's Version) (From The Vault)
25%
20245So Long, London
25%
20204The 1
25%
20102Today Was A Fairytale
25%
20249Who's Afraid of Little Old Me?
25%
20201Willow
25%
20247But Daddy I Love Him
0%
200810Change
0%
20206Exile (feat. Bon Iver)
0%
201110If This Was A Movie
0%
200910Jump Then Fall
0%
20232Karma (feat. Ice Spice)
0%
20222Lavender Haze
0%
20223Maroon
0%
20225Midnight Rain
0%
20174...Ready For It?
0%
20224Snow On The Beach (feat. Lana Del Rey)
0%
20108Speak Now
0%
202310Suburban Legends (Taylor's Version) (From The Vault)
0%
202210Vigilante Shit
0%
20228You're On Your Own, Kid
0%

Score Distribution

Percentile by Number Answered

Percent of People with Each Score

Your Score History

You have not taken this quiz since the last reset